000 00376nam a2200145Ia 4500
008 230917s9999||||xx |||||||||||||| ||und||
040 _e57432
_aMAIN
041 _aEnglish
082 _a824.09 R384C
100 _aRichards, I A
245 0 _aComplementarities: uncallected essays
260 _aManchester
_bCarcanet New Press
_c1977
300 _axxiv, 293 p.
942 _cBK
999 _c223998
_d223998